Lebron James quiz - Statistics

General Stats
  • This quiz has been taken 279 times
  • The average score is 5 of 7
Answer Stats
Hint Answer % Correct
When was he drafted? 2003
99%
What year did he move to the heat? 2010
97%
How tall is he? 6,8
88%
What was the year that he won his first Championship? 2011
86%
Were is he from? Akron,Ohio
60%
What high school did he go to st vincent st marys
27%
What was his first shoe name? Air zoom
5%
No matching quizzes found
Score Distribution
Percent of People with Each Score
Percentile by Number Answered
Your Score History
You have not taken this quiz